The 100 Greatest Albums of All Time - Statistics

General Stats
  • This quiz has been taken 74 times
  • The average score is 32 of 100
Answer Stats
Place Album Artist % Correct
12. Thriller Michael Jackson
82%
6. Nevermind Nirvana
80%
5. Abbey Road The Beatles
73%
7. Rumours Fleetwood Mac
73%
8. Purple Rain Prince and the Revolution
70%
55. The Dark Side of the Moon Pink Floyd
66%
2. Pet Sounds The Beach Boys
64%
16. London Calling The Clash
61%
10. The Miseducation of Lauryn Hill My. Lauryn Hill
61%
1. What‘s Going On Marvin Gaye
61%
42. OK Computer Radiohead
59%
11. Revolver The Beatles
59%
3. Blue Joni Mitchell
55%
84. Back in Black AC/DC
54%
35. Rubber Soul The Beatles
52%
4. Songs in the Key of Life Stevie Wonder
52%
58. Led Zeppelin IV Led Zeppelin
50%
19. To Pimp a Butterfly Kendrick Lamar
50%
29. White Album The Beatles
50%
20. Kid A Radiohead
48%
32. Lemonade Beyoncé
48%
33. Back to Black Amy Winehouse
46%
21. Born to Run Bruce Springsteen
46%
36. Off the Wall Michael Jackson
46%
74. The College Dropout Kanye West
46%
62. Appetite for Destruction Guns N‘ Roses
45%
79. Blond Frank Ocean
43%
17. My Beautiful Dark Twisted Fantasy Kanye West
43%
47. Ramones Ramones
41%
37. The Chronic Dr. Dre
41%
30. Are You Experienced Jimi Hendrix
39%
22. Ready to Die The Notorious B.I.G.
38%
70. Straight Outta Compton N.W.A.
38%
77. Who‘s Next The Who
38%
9. Blood on the Tracks Bob Dylan
36%
14. Exile on Main Street The Rolling Stones
36%
44. Illmatic Nas
36%
97. Master of Puppets Metallica
36%
24. Sgt. Pepper‘s Lonely Hearts Club Band The Beatles
36%
86. The Doors The Doors
36%
23. The Velvet Underground and Nico The Velvet Underground
36%
53. Electric Ladyland Jimi Hendrix
34%
27. Enter the Wu-Tang (36 Chambers) Wu-Tang Clan
34%
18. Highway 61 Revisited Bob Dylan
34%
69. Jagged Little Pill Alanis Morissette
34%
57. The Band The Band
34%
72. Harvest Neil Young
32%
26. Horses Patti Smith
32%
38. Blonde on Blonde Bob Dylan
30%
99. Red Taylor Swift
30%
64. Stankonia Outkast
30%
25. Tapestry Carole King
30%
50. The Blueprint Jay-Z
30%
43. The Low End Theory A Tribe Called Quest
30%
81. Beyoncé Beyoncé
29%
46. Graceland Paul Simon
29%
40. The Rise and Fall of Ziggy Stardust and the Spiders from Mars David Bowie
29%
63. Aja Steely Dan
27%
88. Hunky Dory David Bowie
27%
34. Innervisions Stevie Wonder
27%
49. Aquemini Outkast
25%
15. It Takes a Nation of Millions to Hold Us Back Public Enemy
25%
41. Let It Bleed The Rolling Stones
25%
68. Hounds of Love Kate Bush
23%
96. Automatic for the People R.E.M.
21%
48. Exodus Bob Marley and the Wailers
21%
31. Kind of Blue Miles David
21%
95. Take Care Drake
21%
28. Voodoo D‘Angelo
21%
66. A Love Supreme John Coltrane
20%
87. Bitches Brew Miles Davis
20%
61. Paid in Full Eric B. and Rakim
20%
59. Talking Book Stevie Wonder
20%
73. Loveless My Bloody Valentine
18%
80. Never Mind the Bollocks Here‘s the Sex Pistols The Sex Pistols
18%
85. Plastic Ono Band John Lennon
18%
60. Astral Weeks Van Morrison
16%
90. After the Gold Rush Neil Young
14%
89. Baduizm Erykah Badu
14%
67. Reasonable Doubt Jay-Z
14%
45. Sign O‘ the Times Prince
14%
52. Station to Station David Bowie
14%
82. There‘s a Riot Goin‘ On Sly and the Family Stone
14%
92. Axis: Bold as Love The Jimi Hendrix Experience
13%
100. Music From Big Pink The Band
13%
71. Renaissance Beyoncé
13%
83. Dusty in Memphis Dusty Springfield
11%
56. Exile in Guyville Liz Phair
11%
76. Superfly Curtis Mayfield
11%
94. Fun House The Stooges
9%
75. Lady Soul Aretha Franklin
7%
93. Supa Dupa Fly Missy „Misdemeanor“ Elliott
7%
13. I Never Loved a Man the Way I Love You Aretha Franklin
5%
65. Live at the Apollo James Brown
5%
98. Car Wheels on a Gravel Road Lucinda Williams
4%
91. Darkness on the Edge of Town Bruce Springsteen
4%
54. Star Time James Brown
2%
51. The Great Twenty-Eight Chuck Berry
2%
39. Remain the Light Talking Heads
0%
78. The Sun Sessions Elvis Presley
0%
No matching quizzes found
Score Distribution
Percent of People with Each Score
Percentile by Number Answered
Your Score History
You have not taken this quiz